Normal view
MARC view
Entry Uniform Title
001 - CONTROL NUMBER
- control field: 49850
003 - CONTROL NUMBER IDENTIFIER
- control field: dpl
005 - DATE AND TIME OF LATEST TRANSACTION
- control field: 20120702165549.0
008 - FIXED-LENGTH DATA ELEMENTS
- fixed length control field: 120702|||a|||||| | ||| d
040 ## - CATALOGING SOURCE
- Original cataloging agency: dpl
- Transcribing agency: dpl
130 ## - HEADING--UNIFORM TITLE
- Uniform title:
670 ## - SOURCE DATA FOUND
- Source citation: Work cat.: (dpl): शरण, जगदीश 49849, उपकार यू.जी.सी.नेट/जे.आर.एफ./सेट;हिन्दी/
670 ## - SOURCE DATA FOUND
- Source citation: Work cat.: (dpl): शरण, जगदीश 49849, उपकार यू.जी.सी.नेट/जे.आर.एफ./सेट;हिन्दी/
